[Event "Sebes GP op"]
[Site "Sebes"]
[Date "2023.11.04"]
[Round "2"]
[White "Bujorean, Dorel"]
[Black "Abramciuc, Marius"]
[Result "0-1"]
[WhiteElo "1579"]
[BlackElo "2321"]
[PlyCount "48"]
[EventDate "2023.11.04"]
[EventType "swiss"]
[EventRounds "10"]
[EventCountry "ROU"]
[SourceTitle "CB46_2023"]
[SourceDate "2023.11.15"]
[SourceVersion "1"]
[SourceVersionDate "2023.11.15"]
[SourceQuality "1"]

1. d4 f5 2. Nf3 g6 3. g3 Nf6 4. Bg2 Bg7 5. 0-0 0-0 6. c4 d6 7. b3 Qe8 8. Bb2 e5 9. dxe5 Ng4 10. Nbd2 dxe5 11. Qc2 Nc6 12. Rae1 e4 13. Bxg7 Kxg7 14. Qc3+ Rf6 15. Ng5 e3 16. Bxc6 exf2+ 17. Rxf2 Qxc6 18. Rf3 Qc5+ 19. e3 Bd7 20. h3 Qe5 21. Qxe5 Nxe5 22. Rff1 h6 23. Ngf3 Nd3 24. Rd1 Re8 0-1

[Event "Arad op 11th"]
[Site "Arad"]
[Date "2018.08.11"]
[Round "8"]
[White "Abramciuc, Marius"]
[Black "Kelly, Ladislau Endre"]
[Result "0-1"]
[WhiteElo "2357"]
[BlackElo "2173"]
[PlyCount "46"]
[EventDate "2018.08.05"]
[EventType "swiss"]
[EventRounds "9"]
[EventCountry "ROU"]
[SourceTitle "CBM 185 Extra"]
[Source "ChessBase"]
[SourceDate "2018.07.29"]
[SourceVersion "1"]
[SourceVersionDate "2018.07.29"]
[SourceQuality "1"]

1. e4 d5 2. exd5 Nf6 3. d4 Bg4 4. Be2 Bxe2 5. Qxe2 Qxd5 6. Nf3 e6 7. c4 Qf5 8. d5 Bc5 9. dxe6 0-0 10. 0-0 Nc6 11. Nc3 Rae8 12. exf7+ Rxf7 13. Be3 Ng4 14. Nd5 Qh5 15. h3 Nge5 16. Nd4 Qh4 17. Nb3 Nf3+ 18. gxf3 Qxh3 19. Nxc5 Nd4 20. Bxd4 Rxe2 21. Rfe1 Rf5 22. Ne7+ Rxe7 23. Ne4 Rxe4 0-1

[Event "Arad op 11th"]
[Site "Arad"]
[Date "2018.08.09"]
[Round "6"]
[White "Abramciuc, Marius"]
[Black "Calin, Alexandru"]
[Result "1-0"]
[WhiteElo "2357"]
[BlackElo "2215"]
[PlyCount "43"]
[EventDate "2018.08.05"]
[EventType "swiss"]
[EventRounds "9"]
[EventCountry "ROU"]
[SourceTitle "CBM 185 Extra"]
[Source "ChessBase"]
[SourceDate "2018.07.29"]
[SourceVersion "1"]
[SourceVersionDate "2018.07.29"]
[SourceQuality "1"]

1. e4 e5 2. Nf3 d6 3. d4 exd4 4. Nxd4 Nf6 5. Nc3 Be7 6. Bc4 0-0 7. f3 c6 8. a4 d5 9. exd5 cxd5 10. Bb3 Bb4 11. 0-0 Bxc3 12. bxc3 Qc7 13. Qd3 Nbd7 14. Bg5 a5 15. Rfe1 Qc5 16. Kh1 b6 17. Nf5 Ba6 18. Qd2 Rfe8 19. Be3 Qc6 20. Bd4 Kh8 21. Qg5 g6 22. Bxd5 1-0

[Event "Arad op 11th"]
[Site "Arad"]
[Date "2018.08.06"]
[Round "2"]
[White "Abramciuc, Marius"]
[Black "Kristofori, Attila"]
[Result "1-0"]
[WhiteElo "2357"]
[BlackElo "2041"]
[PlyCount "55"]
[EventDate "2018.08.05"]
[EventType "swiss"]
[EventRounds "9"]
[EventCountry "ROU"]
[SourceTitle "CBM 185 Extra"]
[Source "ChessBase"]
[SourceDate "2018.07.29"]
[SourceVersion "1"]
[SourceVersionDate "2018.07.29"]
[SourceQuality "1"]

1. e4 c6 2. d4 d5 3. e5 Bf5 4. Nf3 e6 5. Be2 c5 6. c3 Nc6 7. Nbd2 cxd4 8. cxd4 Nge7 9. 0-0 Bg6 10. Nb3 Nf5 11. h3 h5 12. g4 hxg4 13. hxg4 Nh6 14. Nh2 Qh4 15. Bf4 f5 16. exf6 Qxf6 17. Qd2 Nf7 18. g5 Qd8 19. Bg4 Be7 20. Rfe1 Bf5 21. Bxf5 exf5 22. Nc5 Qb6 23. g6 Nfd8 24. Bd6 Rh4 25. Qg5 Re4 26. Qxf5 Qxb2 27. Nxe4 dxe4 28. Qxe4 1-0

[Event "Arad op 10th"]
[Site "Arad"]
[Date "2017.08.09"]
[Round "5"]
[White "Abramciuc, Marius"]
[Black "Daianu, Cristian Clement"]
[Result "1-0"]
[WhiteElo "2351"]
[BlackElo "2155"]
[PlyCount "79"]
[EventDate "2017.08.06"]
[EventType "swiss"]
[EventRounds "9"]
[EventCountry "ROU"]
[SourceTitle "CBM 179 Extra"]
[Source "ChessBase"]
[SourceDate "2017.08.23"]
[SourceVersion "1"]
[SourceVersionDate "2017.08.23"]
[SourceQuality "1"]

1. e4 c5 2. Nf3 e6 3. d3 Nc6 4. g3 d6 5. Bg2 g6 6. c3 Bg7 7. 0-0 Nge7 8. a4 0-0 9. Nbd2 b6 10. Re1 Ba6 11. Nf1 Ne5 12. c4 N7c6 13. Ne3 Nxf3+ 14. Bxf3 Qc7 15. Bg2 Bb7 16. Rb1 Rad8 17. Bd2 Nd4 18. Bc3 Bc6 19. b3 f5 20. Nc2 Nf3+ 21. Bxf3 Bxc3 22. Re3 f4 23. gxf4 Rxf4 24. d4 cxd4 25. Nxd4 Bxd4 26. Qxd4 Qf7 27. Bg2 Rxf2 28. Rd3 Rf8 29. Qe3 d5 30. cxd5 exd5 31. exd5 Rxg2+ 32. Kxg2 Bxd5+ 33. Kg1 Ba8 34. Rbd1 Qb7 35. Qe6+ Kh8 36. Rd5 a6 37. Qd7 Qb8 38. Rd6 b5 39. Qe7 bxa4 40. Qxf8+ 1-0

[Event "EU-chT U18"]
[Site "Karpacz"]
[Date "2015.07.18"]
[Round "6.22"]
[White "Tomczak, Mikolaj"]
[Black "Abramciuc, Marius"]
[Result "1-0"]
[WhiteElo "2224"]
[BlackElo "2247"]
[PlyCount "81"]
[EventDate "2015.07.13"]
[EventType "team-swiss"]
[EventRounds "7"]
[EventCountry "POL"]
[SourceTitle "CBM 167 Extra"]
[Source "ChessBase"]
[SourceDate "2015.09.14"]
[SourceVersion "1"]
[SourceVersionDate "2015.09.14"]
[SourceQuality "1"]
[WhiteTeam "Poland (U18) II"]
[BlackTeam "Moldova (U18)"]
[WhiteTeamCountry "POL"]
[BlackTeamCountry "MDA"]

1. Nf3 d6 2. d4 Nd7 3. c4 e5 4. Nc3 Ngf6 5. e4 Be7 6. Be2 0-0 7. 0-0 Re8 8. d5 a5 9. Ne1 Nc5 10. Qc2 Bf8 11. Be3 c6 12. b3 Qc7 13. Rc1 cxd5 14. cxd5 Bd7 15. f3 Rec8 16. Qd2 Rab8 17. Bb5 Bxb5 18. Nxb5 Qb6 19. Qe2 Qa6 20. Bxc5 dxc5 21. a4 Nd7 22. Nd3 Qf6 23. Nb2 c4 24. Rxc4 Rc5 25. g3 Qg5 26. Kg2 h5 27. Rd1 h4 28. Qd2 Qh5 29. Qxa5 h3+ 30. Kf2 Rxc4 31. Nxc4 Nc5 32. Qc7 Nxe4+ 33. Ke2 Ng5 34. g4 Qg6 35. Qxb8 Qc2+ 36. Rd2 Qxb3 37. Nxe5 f6 38. Nd4 Qxd5 39. Ng6 Qc4+ 40. Kf2 Qc3 41. Qxf8+ 1-0

[Event "MDA-ch"]
[Site "Kishinev"]
[Date "2015.02.05"]
[Round "10"]
[White "Abramciuc, Marius"]
[Black "Ogleznev, Alexandr"]
[Result "0-1"]
[WhiteElo "2263"]
[BlackElo "2264"]
[PlyCount "70"]
[EventDate "2015.01.27"]
[EventType "tourn"]
[EventRounds "11"]
[EventCountry "MDA"]
[EventCategory "2"]
[SourceTitle "CBM 164 Extra"]
[Source "ChessBase"]
[SourceDate "2015.03.02"]
[SourceVersion "1"]
[SourceVersionDate "2015.03.02"]
[SourceQuality "1"]

1. e4 c5 2. Nf3 e6 3. d3 b6 4. g3 Bb7 5. Bg2 d6 6. 0-0 Nf6 7. Qe2 Be7 8. c3 0-0 9. Be3 Nbd7 10. h3 c4 11. dxc4 Bxe4 12. Nbd2 Bb7 13. Rfd1 Qc7 14. Nd4 Bxg2 15. Kxg2 Rfe8 16. N2f3 a6 17. Bg5 Bf8 18. a3 Rac8 19. b3 Qb7 20. Bxf6 Nxf6 21. Rdc1 g6 22. Nc2 Bh6 23. Re1 d5 24. cxd5 Rxc3 25. d6 e5 26. Ne3 e4 27. Nd4 Bxe3 28. fxe3 Nd5 29. Qd2 Rd3 30. Qf2 Qd7 31. Kh2 Qxd6 32. Rad1 Qxa3 33. Rxd3 exd3 34. e4 Nc3 35. Re3 Nd1 0-1

[Event "MDA-ch"]
[Site "Kishinev"]
[Date "2015.02.04"]
[Round "9"]
[White "Abramciuc, Marius"]
[Black "Vavric, Pavel"]
[Result "0-1"]
[WhiteElo "2263"]
[BlackElo "2253"]
[PlyCount "82"]
[EventDate "2015.01.27"]
[EventType "tourn"]
[EventRounds "11"]
[EventCountry "MDA"]
[EventCategory "2"]
[SourceTitle "CBM 164 Extra"]
[Source "ChessBase"]
[SourceDate "2015.03.02"]
[SourceVersion "1"]
[SourceVersionDate "2015.03.02"]
[SourceQuality "1"]

1. e4 c5 2. Nc3 g6 3. f4 Bg7 4. Nf3 Nc6 5. g3 d6 6. Bg2 e6 7. 0-0 Nge7 8. Ne2 e5 9. d3 0-0 10. c3 f5 11. Be3 b6 12. Qb3+ Kh8 13. Ng5 d5 14. exd5 Na5 15. Qc2 Nxd5 16. Bd2 Rb8 17. Rae1 h6 18. Nh3 Nc6 19. fxe5 Nxe5 20. Nef4 Nxf4 21. Bxf4 Re8 22. Re3 Ba6 23. Rfe1 Bxd3 24. Qd1 Be4 25. Qxd8 Rbxd8 26. Bxe4 fxe4 27. Bxe5 Rxe5 28. Rxe4 Rxe4 29. Rxe4 Rd2 30. Nf4 Rxb2 31. Re8+ Kh7 32. Re7 Kg8 33. Rxa7 Bxc3 34. Nxg6 Bd4+ 35. Kh1 c4 36. Ne7+ Kf8 37. Nc6 Bc5 38. Ne5 c3 39. Nd7+ Ke8 40. Nf6+ Kd8 41. Ra8+ Kc7 0-1

[Event "MDA-ch"]
[Site "Kishinev"]
[Date "2015.01.31"]
[Round "5"]
[White "Abramciuc, Marius"]
[Black "Schitco, Ivan"]
[Result "1-0"]
[WhiteElo "2263"]
[BlackElo "2078"]
[PlyCount "103"]
[EventDate "2015.01.27"]
[EventType "tourn"]
[EventRounds "11"]
[EventCountry "MDA"]
[EventCategory "2"]
[SourceTitle "CBM 164 Extra"]
[Source "ChessBase"]
[SourceDate "2015.03.02"]
[SourceVersion "1"]
[SourceVersionDate "2015.03.02"]
[SourceQuality "1"]

1. e4 e6 2. d4 d5 3. Nd2 c5 4. exd5 Qxd5 5. Ngf3 cxd4 6. Bc4 Qd7 7. Nb3 Nc6 8. Nbxd4 Nxd4 9. Nxd4 a6 10. a4 Nf6 11. c3 Qc7 12. Qe2 Be7 13. 0-0 0-0 14. Bg5 b6 15. Rfe1 Re8 16. Nf3 Bb7 17. Ne5 Bd6 18. Bd3 Bxe5 19. Qxe5 Qxe5 20. Rxe5 Red8 21. Be2 h6 22. Bc1 Rd6 23. f3 Rad8 24. Be3 Nd5 25. Bf2 Nf4 26. Bf1 Nd3 27. Bxd3 Rxd3 28. Bxb6 R8d6 29. Bc5 Rd1+ 30. Rxd1 Rxd1+ 31. Kf2 Ra1 32. Ba3 Bd5 33. Re1 Rxe1 34. Kxe1 Bb3 35. a5 f5 36. Kd2 Bc4 37. Bd6 Kf7 38. Ke3 Ke8 39. Kd4 Bf1 40. g3 g5 41. Kc5 Kd7 42. Be5 h5 43. c4 f4 44. gxf4 gxf4 45. Bxf4 Be2 46. b3 Bxf3 47. Kb6 Bd1 48. b4 Be2 49. Kxa6 Kc6 50. b5+ Kc5 51. b6 Bxc4+ 52. Ka7 1-0

[Event "MDA-ch"]
[Site "Kishinev"]
[Date "2015.01.28"]
[Round "2"]
[White "Morozov, Nichita"]
[Black "Abramciuc, Marius"]
[Result "1/2-1/2"]
[WhiteElo "2271"]
[BlackElo "2263"]
[PlyCount "84"]
[EventDate "2015.01.27"]
[EventType "tourn"]
[EventRounds "11"]
[EventCountry "MDA"]
[EventCategory "2"]
[SourceTitle "CBM 164 Extra"]
[Source "ChessBase"]
[SourceDate "2015.03.02"]
[SourceVersion "1"]
[SourceVersionDate "2015.03.02"]
[SourceQuality "1"]

1. d4 Nf6 2. c4 c5 3. d5 e5 4. Nc3 d6 5. e4 g6 6. Nf3 Bg7 7. Bd3 0-0 8. h3 a6 9. Be3 Nbd7 10. Qd2 Rb8 11. Rb1 Nh5 12. Ne2 f5 13. exf5 gxf5 14. g4 e4 15. gxh5 exf3 16. Rg1 Kh8 17. Rxg7 Kxg7 18. Bh6+ Kh8 19. Bxf8 Qxf8 20. Nf4 Ne5 21. b4 cxb4 22. Rxb4 Bd7 23. Rb6 Qg7 24. Qb2 Qg5 25. Ne6 Bxe6 26. dxe6 Qf6 27. Kd2 Qxe6 28. Rxb7 Rxb7 29. Qxb7 Nxd3 30. Qa8+ Kg7 31. Qa7+ Kh6 32. Kxd3 d5 33. cxd5 Qxd5+ 34. Kc3 Qxa2 35. Qe3+ Kxh5 36. Qxf3+ Kg6 37. Qg3+ Kf7 38. Qc7+ Kf6 39. Qxh7 Qxf2 40. Qh6+ Ke5 41. Qxa6 Qd4+ 42. Kc2 Kf4 1/2-1/2

[Event "World ol U16"]
[Site "Gyor"]
[Date "2014.12.19"]
[Round "8.2"]
[White "Perske, Thore"]
[Black "Abramciuc, Marius"]
[Result "1-0"]
[WhiteElo "2402"]
[BlackElo "2204"]
[PlyCount "67"]
[EventDate "2014.12.13"]
[EventType "team-swiss"]
[EventRounds "10"]
[EventCountry "HUN"]
[SourceTitle "EXT 2016"]
[Source "ChessBase"]
[SourceDate "2015.10.08"]
[SourceVersion "1"]
[SourceVersionDate "2015.10.08"]
[SourceQuality "1"]
[WhiteTeam "Germany"]
[BlackTeam "Moldova"]
[WhiteTeamCountry "GER"]
[BlackTeamCountry "MDA"]

1. e4 e5 2. Nf3 Nc6 3. Bb5 a6 4. Ba4 Nf6 5. 0-0 Be7 6. Re1 b5 7. Bb3 d6 8. c3 0-0 9. h3 Bb7 10. d3 Na5 11. Bc2 c5 12. a4 Nd7 13. Nbd2 Qc7 14. Nf1 c4 15. d4 Nb6 16. axb5 axb5 17. Ng3 g6 18. Bh6 Rfe8 19. d5 Qd8 20. Qe2 Nd7 21. Be3 Bf6 22. Nh2 Bg5 23. Ra3 Nc5 24. Rea1 Bf6 25. Ng4 Bg7 26. Qf3 f6 27. Nh6+ Kf8 28. h4 Bc8 29. h5 Ke7 30. Ng4 Ra6 31. hxg6 hxg6 32. Nxe5 dxe5 33. Bxc5+ Kf7 34. Bb4 1-0

[Event "World ol U16"]
[Site "Gyor"]
[Date "2014.12.18"]
[Round "6.2"]
[White "Cao, Jason"]
[Black "Abramciuc, Marius"]
[Result "1-0"]
[WhiteElo "2309"]
[BlackElo "2204"]
[PlyCount "137"]
[EventDate "2014.12.13"]
[EventType "team-swiss"]
[EventRounds "10"]
[EventCountry "HUN"]
[SourceTitle "EXT 2016"]
[Source "ChessBase"]
[SourceDate "2015.10.08"]
[SourceVersion "1"]
[SourceVersionDate "2015.10.08"]
[SourceQuality "1"]
[WhiteTeam "Canada"]
[BlackTeam "Moldova"]
[WhiteTeamCountry "CAN"]
[BlackTeamCountry "MDA"]

1. e4 e5 2. Nf3 Nc6 3. Bb5 a6 4. Ba4 Nf6 5. d3 b5 6. Bb3 d6 7. c3 Be7 8. 0-0 0-0 9. Nbd2 Na5 10. Bc2 c5 11. Re1 Bb7 12. Nf1 Nd7 13. Ng3 g6 14. Bh6 Re8 15. b4 Nc6 16. Bb3 Bf6 17. Qd2 Nf8 18. Ng5 Ne6 19. Nxe6 fxe6 20. bxc5 dxc5 21. f4 c4 22. fxe5 Nxe5 23. dxc4 Qxd2 24. Bxd2 bxc4 25. Bc2 Red8 26. Re2 Rd7 27. Rb1 Rad8 28. Nf1 Be7 29. Be3 Ng4 30. Bb6 Rb8 31. Ba4 Rd3 32. h3 Ba8 33. Reb2 Rxb6 34. hxg4 Bc5+ 35. Kh2 Rxb2 36. Rxb2 Bd6+ 37. Kg1 Rxc3 38. Rc2 Be5 39. Nd2 Rxc2 40. Bxc2 c3 41. Nf3 Bd6 42. Kf2 Bc6 43. Ke3 Bb5 44. Kd4 Bf1 45. Kxc3 Bxg2 46. Ng5 e5 47. Bd3 a5 48. Kc4 h6 49. Kd5 Bb8 50. Ne6 Bf3 51. g5 h5 52. Bf1 a4 53. a3 Bd1 54. Nc5 Bb3+ 55. Kc6 Ba7 56. Nxb3 axb3 57. Bc4+ Kg7 58. Bxb3 Be3 59. Kd6 Bxg5 60. Kxe5 Bd2 61. Bd1 Bc3+ 62. Ke6 h4 63. e5 h3 64. Kd6 Bb2 65. a4 Kf8 66. a5 Bd4 67. e6 h2 68. e7+ Kf7 69. Bf3 1-0

[Event "World ol U16"]
[Site "Gyor"]
[Date "2014.12.16"]
[Round "5.2"]
[White "Stefanov, Emil"]
[Black "Abramciuc, Marius"]
[Result "0-1"]
[WhiteElo "2134"]
[BlackElo "2204"]
[PlyCount "108"]
[EventDate "2014.12.13"]
[EventType "team-swiss"]
[EventRounds "10"]
[EventCountry "HUN"]
[SourceTitle "EXT 2016"]
[Source "ChessBase"]
[SourceDate "2015.10.08"]
[SourceVersion "1"]
[SourceVersionDate "2015.10.08"]
[SourceQuality "1"]
[WhiteTeam "Bulgaria"]
[BlackTeam "Moldova"]
[WhiteTeamCountry "BUL"]
[BlackTeamCountry "MDA"]

1. d4 d5 2. c4 c6 3. Nf3 Nf6 4. Qc2 dxc4 5. Qxc4 Bf5 6. g3 Nbd7 7. Bg2 e6 8. 0-0 Be7 9. Nc3 0-0 10. e3 b5 11. Qe2 Rc8 12. Nd2 b4 13. Na4 c5 14. e4 Bg4 15. f3 Bh5 16. g4 Bg6 17. dxc5 Qa5 18. b3 Nxc5 19. Nc4 Qa6 20. Nxc5 Bxc5+ 21. Be3 Nd7 22. Rfd1 Nb6 23. Bxc5 Rxc5 24. Qe3 Qc8 25. Nd6 Qc7 26. Rac1 Rxc1 27. Qxc1 Qb8 28. Qd2 a5 29. f4 Nd5 30. f5 Qxd6 31. fxg6 Qc5+ 32. Qd4 Qxd4+ 33. Rxd4 Nc3 34. gxh7+ Kxh7 35. Rd2 Rc8 36. Kf2 Kg6 37. Kg3 Nb1 38. Rd1 Nc3 39. Rd2 e5 40. h4 f6 41. Kf3 Nb1 42. Rb2 Rc1 43. Ke3 Nc3 44. Bf3 Ra1 45. Kd3 Nxa2 46. Kc4 Nc3 47. Kd3 Nb5 48. Be2 Nd4 49. Kd2 Rh1 50. Bc4 Rxh4 51. Ke3 Rh3+ 52. Kd2 Rh2+ 53. Kc1 Rxb2 54. Kxb2 Kg5 0-1

[Event "World ol U16"]
[Site "Gyor"]
[Date "2014.12.15"]
[Round "4.2"]
[White "Abramciuc, Marius"]
[Black "Radovic, Janko"]
[Result "1-0"]
[WhiteElo "2204"]
[BlackElo "2272"]
[PlyCount "57"]
[EventDate "2014.12.13"]
[EventType "team-swiss"]
[EventRounds "10"]
[EventCountry "HUN"]
[SourceTitle "EXT 2016"]
[Source "ChessBase"]
[SourceDate "2015.10.08"]
[SourceVersion "1"]
[SourceVersionDate "2015.10.08"]
[SourceQuality "1"]
[WhiteTeam "Moldova"]
[BlackTeam "Serbia"]
[WhiteTeamCountry "MDA"]
[BlackTeamCountry "SRB"]

1. e4 Nf6 2. e5 Nd5 3. d4 d6 4. c4 Nb6 5. exd6 exd6 6. Nc3 Be7 7. Nf3 0-0 8. Be2 Bg4 9. 0-0 Nc6 10. b3 Bf6 11. Be3 Re8 12. Rc1 h6 13. Qd2 d5 14. c5 Nc8 15. h3 Bh5 16. Nh2 Bxe2 17. Nxe2 N8e7 18. Ng4 Nf5 19. Qd3 Nxe3 20. Nxf6+ Qxf6 21. fxe3 Qg5 22. Rf3 Re4 23. Rg3 Qh4 24. Rf1 Rae8 25. Kh2 Ne7 26. Nc3 Re6 27. Nb5 Nc6 28. Qf5 Rxe3 29. Qxf7+ 1-0

[Event "World ol U16"]
[Site "Gyor"]
[Date "2014.12.13"]
[Round "1.2"]
[White "Roos, Lucas"]
[Black "Abramciuc, Marius"]
[Result "0-1"]
[WhiteElo "1732"]
[BlackElo "2204"]
[PlyCount "72"]
[EventDate "2014.12.13"]
[EventType "team-swiss"]
[EventRounds "10"]
[EventCountry "HUN"]
[SourceTitle "EXT 2016"]
[Source "ChessBase"]
[SourceDate "2015.10.08"]
[SourceVersion "1"]
[SourceVersionDate "2015.10.08"]
[SourceQuality "1"]
[WhiteTeam "South Africa"]
[BlackTeam "Moldova"]
[WhiteTeamCountry "RSA"]
[BlackTeamCountry "MDA"]

1. e4 e5 2. Nf3 Nc6 3. Bc4 Bc5 4. c3 Nf6 5. d3 d6 6. Nbd2 a6 7. Bb3 Ba7 8. Nf1 h6 9. Ng3 0-0 10. h3 Be6 11. Qe2 Qd7 12. Nh4 Kh7 13. Bc2 g6 14. Be3 Ng8 15. 0-0 Qe7 16. Nf3 d5 17. Bxa7 Rxa7 18. Rfe1 dxe4 19. Nxe4 Bd5 20. Ba4 b5 21. Bc2 Raa8 22. Bb3 Rad8 23. Bxd5 Rxd5 24. c4 Rdd8 25. Nc3 bxc4 26. dxc4 Rfe8 27. Qe4 Qe6 28. Nd5 Rd7 29. Rad1 f5 30. Qh4 Kg7 31. Nf4 exf4 32. Rxe6 Rxd1+ 33. Re1 Rexe1+ 34. Nxe1 Rxe1+ 35. Kh2 g5 36. Qh5 Nd4 0-1

[Event "Iasi op"]
[Site "Iasi"]
[Date "2014.05.13"]
[Round "4"]
[White "Manea, Alexandru"]
[Black "Abramciuc, Marius"]
[Result "1-0"]
[WhiteElo "2396"]
[BlackElo "2087"]
[PlyCount "121"]
[EventDate "2014.05.10"]
[EventType "swiss"]
[EventRounds "9"]
[EventCountry "ROU"]
[SourceTitle "CBM 160 Extra"]
[Source "ChessBase"]
[SourceDate "2014.07.01"]
[SourceVersion "1"]
[SourceVersionDate "2014.07.01"]
[SourceQuality "1"]

1. Nf3 d5 2. g3 e6 3. Bg2 c6 4. 0-0 f5 5. d3 Nf6 6. Nc3 Be7 7. e4 0-0 8. exf5 exf5 9. Re1 Na6 10. Bf4 Nc7 11. Nd4 Bc5 12. Nb3 Bd6 13. Ne2 Ne6 14. Qd2 Nxf4 15. Nxf4 Qc7 16. Ne6 Bxe6 17. Rxe6 Qd7 18. Re2 Ng4 19. Nd4 Be5 20. c3 Bxd4 21. cxd4 Rae8 22. Rae1 Rxe2 23. Rxe2 g6 24. Bf3 Nf6 25. Qf4 Re8 26. Rxe8+ Nxe8 27. Qb8 a6 28. h4 Kf7 29. Qe5 Qd6 30. Bd1 Qb4 31. Bb3 a5 32. h5 a4 33. Bxd5+ cxd5 34. Qxd5+ Kf8 35. Qe5 gxh5 36. Qxf5+ Ke7 37. Qxh7+ Kd8 38. Qxh5 Qxd4 39. Qg5+ Nf6 40. Qa5+ Kd7 41. Qb5+ Kc8 42. Kf1 Ng4 43. Qe8+ Kc7 44. Qe7+ Kb6 45. Qe6+ Ka5 46. Qe1+ Ka6 47. Qd2 Ne5 48. Ke2 Qd5 49. d4 Qf3+ 50. Kf1 Nc4 51. Qc3 Qh1+ 52. Ke2 Qe4+ 53. Kf1 Qb1+ 54. Kg2 Qxa2 55. d5 Qb3 56. Qd4 Nxb2 57. d6 Qb6 58. Qd5 Qd8 59. d7 Ka7 60. Qc5+ Kb8 61. Qe5+ 1-0

[Event "Iasi op"]
[Site "Iasi"]
[Date "2014.05.11"]
[Round "2"]
[White "Cawdery, Daniel"]
[Black "Abramciuc, Marius"]
[Result "1-0"]
[WhiteElo "2407"]
[BlackElo "2087"]
[PlyCount "97"]
[EventDate "2014.05.10"]
[EventType "swiss"]
[EventRounds "9"]
[EventCountry "ROU"]
[SourceTitle "CBM 160 Extra"]
[Source "ChessBase"]
[SourceDate "2014.07.01"]
[SourceVersion "1"]
[SourceVersionDate "2014.07.01"]
[SourceQuality "1"]

1. e4 e5 2. Nf3 Nc6 3. Bc4 Bc5 4. c3 Nf6 5. d4 exd4 6. cxd4 Bb4+ 7. Bd2 Bxd2+ 8. Nbxd2 d5 9. exd5 Nxd5 10. Qb3 Nce7 11. 0-0 0-0 12. Rfe1 Nb6 13. Bd3 Be6 14. Rxe6 fxe6 15. Qxe6+ Kh8 16. Qe4 Ng6 17. Ne5 Qf6 18. Ndf3 Kg8 19. Qxb7 Nf4 20. Bf1 Ne6 21. Rd1 Rad8 22. Qe4 Ng5 23. Qc2 Nxf3+ 24. Nxf3 Nd5 25. Bc4 Qd6 26. Qe4 c6 27. Ng5 g6 28. Qe6+ Kg7 29. Qh3 h6 30. Ne6+ Kh7 31. Nxd8 Rxd8 32. a3 Re8 33. Bxd5 Qxd5 34. Qc3 Rd8 35. b4 a5 36. h3 Rd7 37. Re1 axb4 38. axb4 Kg7 39. Rd1 Kh7 40. Rc1 Rd6 41. Qe3 Rd7 42. Qe8 Qd6 43. b5 cxb5 44. Rc8 Kg7 45. Qh8+ Kf7 46. Rg8 Qxd4 47. Qh7+ Ke6 48. Rxg6+ Ke5 49. Qxh6 1-0

[Event "MDA-ch"]
[Site "Kishinev"]
[Date "2014.02.20"]
[Round "11"]
[White "Abramciuc, Marius"]
[Black "Sanduleac, Vasile"]
[Result "0-1"]
[WhiteElo "2063"]
[BlackElo "2422"]
[PlyCount "114"]
[EventDate "2014.02.10"]
[EventType "tourn"]
[EventRounds "11"]
[EventCountry "MDA"]
[SourceTitle "CBM 158 Extra"]
[Source "ChessBase"]
[SourceDate "2014.02.28"]
[SourceVersion "1"]
[SourceVersionDate "2014.02.28"]
[SourceQuality "1"]

1. e4 e6 2. d4 c5 3. d5 d6 4. Nc3 a6 5. a4 Nf6 6. Nf3 e5 7. a5 Bg4 8. Be2 Bxf3 9. Bxf3 Be7 10. 0-0 0-0 11. Be3 Ne8 12. Qd2 g6 13. Be2 Nd7 14. Na4 Rc8 15. b4 f5 16. f4 exf4 17. Bxf4 g5 18. Bg3 f4 19. Bg4 fxg3 20. Bxd7 gxh2+ 21. Kxh2 Qxd7 22. Nb6 Qd8 23. Nxc8 Qxc8 24. Rxf8+ Kxf8 25. e5 Qf5 26. g3 dxe5 27. Qe2 Bf6 28. Rf1 Qd7 29. Qxe5 Kg7 30. Qe6 Qxe6 31. dxe6 cxb4 32. Rd1 Be5 33. Rd7+ Kf6 34. Rxb7 Nc7 35. Rxb4 Kxe6 36. Rb6+ Kf5 37. Kg2 h5 38. c4 Kg4 39. Rb3 Bd6 40. Re3 Kf5 41. Rb3 Be5 42. Rb8 Bc3 43. Rb6 Kg4 44. c5 Be1 45. Rb3 Bxa5 46. c6 Kf5 47. Rd3 Bb6 48. Rb3 Bd4 49. Rd3 Ke4 50. Rd1 a5 51. Rd2 Kd5 52. Rc2 Bc5 53. Ra2 Bb4 54. Rc2 a4 55. Kf3 a3 56. Ke3 Bc5+ 57. Kd3 Bd6 0-1

[Event "Wch U14"]
[Site "Maribor"]
[Date "2012.11.15"]
[Round "8.46"]
[White "Abramciuc, Marius"]
[Black "Fitzgerald, Robert"]
[Result "1-0"]
[WhiteElo "1959"]
[BlackElo "1734"]
[PlyCount "83"]
[EventDate "2012.11.08"]
[EventType "swiss"]
[EventRounds "11"]
[EventCountry "SLO"]
[SourceTitle "EXT 2013"]
[Source "ChessBase"]
[SourceDate "2012.11.22"]
[SourceVersion "1"]
[SourceVersionDate "2012.11.22"]
[SourceQuality "1"]

1. e4 c5 2. Nc3 Nc6 3. Bb5 Nd4 4. Bc4 a6 5. a4 g6 6. Nf3 Bg7 7. Nxd4 cxd4 8. Qf3 e6 9. Ne2 Ne7 10. d3 0-0 11. 0-0 Nc6 12. Qg3 Re8 13. Bb3 b6 14. Bf4 e5 15. Bg5 Qc7 16. f4 Na5 17. Ba2 Qxc2 18. fxe5 Nb3 19. Qf3 Rf8 20. Be7 Bb7 21. Bxf8 Rxf8 22. Bxb3 Qxb3 23. Nxd4 Qxb2 24. Qe3 Bxe5 25. Nf3 Bd6 26. Qh6 Bc5+ 27. Kh1 d5 28. d4 Be7 29. e5 b5 30. e6 f5 31. Rab1 Qe2 32. Ne5 Rf6 33. Rbe1 Qh5 34. Qc1 Bd6 35. e7 Re6 36. Nf3 Rxe7 37. Rxe7 Bxe7 38. Qc7 bxa4 39. Qxe7 Bc6 40. Ne5 Bb5 41. Qf7+ Kh8 42. Qf8# 1-0

[Event "Wch U14"]
[Site "Maribor"]
[Date "2012.11.12"]
[Round "6.47"]
[White "Abramciuc, Marius"]
[Black "Abdulla, Al Hamed"]
[Result "1-0"]
[WhiteElo "1959"]
[BlackElo "1685"]
[PlyCount "65"]
[EventDate "2012.11.08"]
[EventType "swiss"]
[EventRounds "11"]
[EventCountry "SLO"]
[SourceTitle "EXT 2013"]
[Source "ChessBase"]
[SourceDate "2012.11.22"]
[SourceVersion "1"]
[SourceVersionDate "2012.11.22"]
[SourceQuality "1"]

1. e4 d5 2. exd5 Qxd5 3. Nc3 Qd6 4. d4 Nf6 5. Nf3 c6 6. Bc4 Bg4 7. Be3 e6 8. 0-0 Be7 9. Re1 0-0 10. Bf1 Qc7 11. h3 Bxf3 12. Qxf3 Nbd7 13. Rad1 Nb6 14. g3 Rfe8 15. Bg2 Rad8 16. Bc1 Bd6 17. Bg5 Be7 18. b3 h6 19. Bc1 Bb4 20. a3 Bd6 21. Bb2 Be7 22. Ne2 Bd6 23. c4 Be7 24. Nf4 Qd7 25. Nd3 Qc7 26. Ne5 Qc8 27. h4 Qc7 28. Bh3 Qb8 29. g4 Rf8 30. g5 hxg5 31. hxg5 Nh7 32. g6 Ng5 33. Qh5 1-0